000 00581nam a22002057a 4500
003 OSt
008 260429b |||||||| |||| 00| 0 eng d
082 _a634.44
_bH69S
100 _aHoda, Nurul.
245 _aStudies on the Effect of Ethrel CCC and GA Sprays on Bearing of Mango (mangifera indica L.)
_cby Nurul Hoda
260 _a.- Sabour, Sabour
_b: Bihar Agricultural College, RAU
_c, 1986
300 _a116p.
502 _bPh. D.
_d1986
650 _aHorticulture
650 _aPomology
650 _aMangoes
650 _aThesis
650 _aPh. D.
942 _2ddc
_cT
999 _c50312
_d50312